Vom Generalrichter im "Dritten Reich“ zum Ersten Beigeordneten in Glashütten/Ts. : (Titelsatznr. 72451)
[ MARC ]
| 000 -Satzkennung | |
|---|---|
| Kontrollfeld mit fester Länge | 02012nam a22003973i 4500 |
| 001 - Kontrollnummer | |
| Kontrollfeld | EBC7305145 |
| 003 - Kontrollnummer Identifier | |
| Kontrollfeld | MiAaPQ |
| 005 - Datum und Zeit der letzten Transaktion | |
| Kontrollfeld | 20250509114424.0 |
| 007 - Feld mit fester Länge zur physischen Beschreibung - Allgemeine Information | |
| Kontrollfeld mit fester Länge | cr cnu|||||||| |
| 008 - Feld mit fester Länge zur physischen Beschreibung - Allgemeine Angaben | |
| Kontrollfeld mit fester Länge | 250509s2023 xx o ||||0 ger d |
| 020 ## - Internationale Standardbuchnummer | |
| Internationale Standardbuchnummer | 9783756616114 |
| Nähere Angaben | (electronic bk.) |
| 020 ## - Internationale Standardbuchnummer | |
| Gelöschte/ungültige ISBN | 9783734416118 |
| 040 ## - Katalogisierungsquelle | |
| Original-Katalogisierungsstelle | MiAaPQ |
| Katalogisierungssprache | eng |
| Übertragungsstelle | MiAaPQ |
| 100 1# - Haupteintragung - Personenname | |
| Personenname | Hafeneger, Benno. |
| Koha-Normdatenidentnummer | 66326 |
| 245 10 - Titel | |
| Titel | Vom Generalrichter im "Dritten Reich“ zum Ersten Beigeordneten in Glashütten/Ts. : |
| Zusatz zum Titel | Der Werdegang von Dr. jur. Manfred Roeder. |
| 250 ## - Ausgabebezeichnung | |
| Ausgabebezeichnung | 1st ed. |
| 264 #1 - Produktion, Veröffentlichung, Distribution, Herstellung und Urheberrechtsvermerk | |
| Herstellungs-, Veröffentlichungs- Vertriebs-, Erzeugungsort | Berlin : |
| Produzent, Herausgeber, Distributor, Hersteller | Wochenschau Verlag, |
| Datum der Herstellung, der Veröffentlichung, des Vertriebs oder des Urheberschutzvermerks | 2023. |
| 264 #4 - Produktion, Veröffentlichung, Distribution, Herstellung und Urheberrechtsvermerk | |
| Datum der Herstellung, der Veröffentlichung, des Vertriebs oder des Urheberschutzvermerks | {copy}2023. |
| 300 ## - Physische Beschreibung | |
| Umfang | 1 online resource (154 pages) |
| 336 ## - Inhaltstyp | |
| Inhaltstypterm | Text |
| Inhaltstypcode | txt |
| Quelle | rdacontent |
| 337 ## - Medientyp | |
| Bezeichnung des Medientyps | Computermedien |
| Medientypcode | c |
| Quelle | rdamedia |
| 338 ## - Datenträgertyp | |
| Datenträgertypbezeichnung | Online Resource |
| Datenträgertypcode | cr |
| Quelle | rdacarrier |
| 490 1# - Gesamttitelangabe | |
| Gesamttitelangabe | Politisches Sachbuch |
| 500 ## - Allgemeine Fußnote | |
| Allgemeine Fußnote | E-Book-ProQuest / Fernzugriff nach Registrierung möglich |
| 505 0# - Fußnote zu strukturierten Inhaltsangaben | |
| Fußnote zu strukturierten Inhaltsangaben | Frontmatter -- Inhalt -- Vorwort -- Hinweise zur Studie -- Erste Phase: Sozialisation im Kaiserreich und in der Weimarer Republik -- Zweite Phase: "Karriere" in der NS-Zeit -- Dritte Phase: Nachkriegszeit und 1950er Jahre -- Zwischenfazit -- Vierte Phase: Umzug nach Glashütten im Jahr 1963 -- Fünfte Phase: Kommunalpolitik von 1964 bis 1971 -- Fazit -- Exkurs: Ausgewählte historische Daten zu Glashütten -- Reflexion, Fragen, Deutungen -- Schlussbemerkung -- Literatur -- Backmatter. |
| 653 ## - Indexierungsterm - Nicht normiert | |
| Nicht-normierter Term | Courts-martial and courts of inquiry-Germany. |
| 653 ## - Indexierungsterm - Nicht normiert | |
| Nicht-normierter Term | National socialism. |
| 655 ## - Indexierungsterm - Genre/Form | |
| Genre/Form oder fokussierter Term | Fernzugriff |
| Koha-Normdatenidentnummer | 230 |
| 655 #4 - Indexierungsterm - Genre/Form | |
| Genre/Form oder fokussierter Term | |
| 776 08 - Andere physische Form | |
| Verweisungsphrase | Print version: |
| Haupteintragung | Hafeneger, Benno |
| Titel | Vom Generalrichter im "Dritten Reich“ zum Ersten Beigeordneten in Glashütten/Ts. |
| Ort, Verlag und Erscheinungsjahr | Berlin : Wochenschau Verlag,c2023 |
| Internationale Standardbuchnummer | 9783734416118 |
| 830 #0 - Nebeneintragung unter dem Gesamttitel - Einheitstitel | |
| Einheitstitel | Politisches Sachbuch |
| Koha-Normdatenidentnummer | 66327 |
| 856 40 - Elektronische Adresse und Zugriff | |
| URL | <a href="https://ebookcentral.proquest.com/lib/maxweberstiftung-ebooks/detail.action?docID=7305145">https://ebookcentral.proquest.com/lib/maxweberstiftung-ebooks/detail.action?docID=7305145</a> |
| OPAC-Notiz | Volltext |
| 942 ## - Zusätzliche Felder (Koha) | |
| Koha-Medientyp | E-Books |
| Klassifikation oder Aufstellungssystematik | Andere/Generische Klassifikation |
| Ausgeschieden | Verloren | Klassifikation oder Aufstellungssystematik | Beschädigt | Nicht entleihbar | Heimatbibliothek | Aufenthaltsbibliothek | Aufstellungsort | Erwerbungsdatum | Inventarnummer | Signatur | Barcode | Letzte Aktivität | Preis gültig von | Koha-Medientyp |
|---|---|---|---|---|---|---|---|---|---|---|---|---|---|---|
| Andere/Generische Klassifikation | MWN Osteuropa | MWN Osteuropa | Online-Ressource | 09/05/2025 | 25-e00510 | E-25-e00510 | 75360 | 09/05/2025 | 09/05/2025 | E-Books |